000 00452nam a2200181Ia 4500
001 17872
005 20260306171549.0
008 260306s9999||||xx |||||||||||||| ||und||
041 _aESP
082 _a658.3
_bC95
100 _aCuesta Santos, Armando
_eAUT
245 0 _aGestión del talento humano y del conocimiento
260 _c2014
300 _axvii, 448 páginas :
_c24 cm.
650 _aGEN
654 _aCAN
942 _cLIB
_dJUS
_fJUS
_2ddc
_n
999 _c17872
_d17872